LEADER 00942nam a2200217 i 4500 001 000000156105 003 CaOOAMICUS 005 20061128000000.0 008 061128s1936 it u000 u ita u 013 $a133460 040 $aSeMil$bita 100 1 $aAndreoletti, Mario.$0(OLS)http://semarc/name/61028 245 13$aLe litanie del sacro cuore :$bcommento e riflessioni pratiche con esempi storici /$cM. Andreoletti. 260 $aMilano [etc.] :$bĀncora,$c1936. 300 $aXVI, 880 p. ;$c21 cm. 650 4$aSacro Cuore - Litanie - Commento.$0(OLS)http://semarc/subject/21842 850 $aSeMil 852 $aSeMil$W1$xVenegono$y1$m2C III 284$j107907$B107907$CSeMilBibl$Z2$F118036 $81 961 $aOmaggio: Bestetti don Dante 996 $6245$aLe litanie del sacro cuore :$bcommento e riflessioni pratiche con esempi storici$9(OLS)http://semarc/title/228759 996 $6260$aMilano [etc.] :$bĀncora$9(OLS)http://semarc/publisher/32331 LEADER 00942nam a2200229 i 4500 001 000000250557 003 CaOOAMICUS 005 20160809000000.0 008 160809s1900 it u000 u ita u 013 $a229462 040 $aSeMil$bita 100 1 $aFerrini, Contardo,$c.$0(OLS)http://semarc/name/18187 245 10$aManuale di Pandette /$cContardo Ferrini. 260 $aMilano :$bSocietā Editrice Libraria,$c1900. 300 $aXI, 979 p. ;$c13 cm. 490 0 $aPiccola biblioteca scientifica ;$v6 650 4$aDigesto - Manuali.$0(OLS)http://semarc/subject/42967 830 0$aPiccola biblioteca scientifica ;$v6.$0(OLS)http://semarc/title/19005 850 $aSeMil 852 $aSeMil$W1$xSeveso$y2$m3L I 34 FA$j200903$B200903$CSeMilBibl$Z2$F212656 $8I 996 $6245$aManuale di Pandette$9(OLS)http://semarc/title/209874 996 $6260$aMilano :$bSocietā Editrice Libraria$9(OLS)http://semarc/publisher/30111